| 000 | 00847nam a2200265 a 4500 | ||
|---|---|---|---|
| 001 | 015676950 | ||
| 003 | Uk | ||
| 005 | 20130327140427.0 | ||
| 008 | 110301s2011 maua b 001 0 eng|d | ||
| 020 | _a0132478811 (pbk.) | ||
| 020 | _a9780132478816 (pbk.) | ||
| 082 | 0 | 4 |
_a658.4012 _222 _bHUN |
| 100 | 1 |
_aHunger, J. David, _d1941- _911719 |
|
| 245 | 1 | 0 |
_aEssentials of Strategic Management / _cJ. David Hunger, Thomas L. Wheelen. |
| 250 | _a5th ed., International ed. | ||
| 260 |
_aBoston : _bPrentice Hall, _cc2011. |
||
| 300 |
_a206 p. : _bill. ; _c24 cm. |
||
| 500 | _aPrevious ed.: 2007. | ||
| 504 | _aIncludes bibliographical references and index. | ||
| 650 | 0 |
_aStrategic planning. _933001 |
|
| 653 |
_bBus _cMarch2013 |
||
| 690 | 7 |
_aManagement and Business Studies _2blcoll |
|
| 700 | 1 |
_aWheelen, Thomas L. _911715 |
|
| 942 |
_2ddc _cARCH |
||
| 999 |
_c17409 _d17381 |
||